000 00636nam a2200253Ia 4500
005 20260121153801.0
008 008 260114s9999 xx 000 0 eng d
020 _a9781003028031
037 _aEBOOK
040 _aCRL
040 _beng
040 _cCRL
041 _2eng
041 _aeng
084 _qCRL
100 _aAnthony A. Tarr; Julie-Anne Tarr; Maurice Thompson; Jeffrey Ellis
_9999077
245 0 _aDrone Law and Policy
260 _bTaylor and Francis
260 _c2022
856 _uhttp://www.taylorfrancis.com/books/9781003028031
942 _cEBOOK
999 _c1565898
_d1565898